Statistics for Education Spending by Country

Click here to take the quiz!

General Stats

  • This quiz has been taken 12,953 times
  • The average score is 16 of 19

Answer Stats

Total Per Capita Country % Correct
$899 bilUnited States
100%
$170 bilUnited Kingdom
97%
$192 bilGermany
96%
$159 bilFrance
96%
$85.1 bilCanada
95%
$227 bilJapan
94%
$4,607Sweden
93%
$105 bilItaly
91%
$7,500Norway
91%
$82.4 bil$3,513Australia
90%
$3,556Finland
89%
$83.1 bilRussia
89%
$5,198Denmark
85%
$150 bilBrazil
78%
$4,323Switzerland
78%
$3,243Ireland
71%
$4,644Iceland
68%
$4,762Luxembourg
62%
$3,504Qatar
30%

Score Distribution

Percentile by Number Answered

Percent of People with Each Score

Your Score History

You have not taken this quiz